Central Library OPAC University of Rajshahi

Musikleben in der Schweiz / (Record no. 62276)

MARC details
000 -LEADER
fixed length control field 00770nam a2200241 a 4500
001 - CONTROL NUMBER
control field 62276
003 - CONTROL NUMBER IDENTIFIER
rucl marc code BD-RjUL
005 - DATE AND TIME OF LATEST TRANSACTION
control field 20211209081050.0
008 - FIXED-LENGTH DATA ELEMENTS--GENERAL INFORMATION
fixed length control field 170123s2001 -sq||||| |||| 00| 0 eng d
020 ## - INTERNATIONAL STANDARD BOOK NUMBER
International Standard Book Number 3907622383
035 ## - SYSTEM CONTROL NUMBER
System control number (BD-RjUL)62402
040 ## - CATALOGING SOURCE
Original cataloging agency BD-RjUL
Language of cataloging eng
Transcribing agency BD-RjUL
Modifying agency BD-RjUL
041 ## - LANGUAGE CODE
Language code of text/sound track or separate title eng
082 ## - DEWEY DECIMAL CLASSIFICATION NUMBER
Edition number 23
Classification number 780.494
Author mark and year MUS 2001
245 ## - TITLE STATEMENT
Title Musikleben in der Schweiz /
Statement of responsibility, etc. Philippe Albèra ... [ et. all. ]
260 ## - PUBLICATION, DISTRIBUTION, ETC. (IMPRINT)
Place of publication, distribution, etc. Zürich :
Name of publisher, distributor, etc. Pro Helvetia,
Date of publication, distribution, etc. 2001.
300 ## - PHYSICAL DESCRIPTION
Pagination 129 p. :
Illustrations Ill. ;
Size 21 cm.
490 ## - SERIES STATEMENT
Series statement Informationen / Pro Helvetia, Schweizer Kulturstiftung
650 ## - SUBJECT ADDED ENTRY--TOPICAL TERM
Topical term or geographic name as entry element Music
Geographic subdivision Switzerland.
9 (RLIN) 185230
700 ## - ADDED ENTRY--PERSONAL NAME
Personal name Albèra, Philippe
830 ## - SERIES ADDED ENTRY--UNIFORM TITLE
Uniform title Informationen / Pro Helvetia, Schweizer Kulturstiftung
942 ## - ADDED ENTRY ELEMENTS (KOHA)
Source of classification or shelving scheme Dewey Decimal Classification
Koha item type Books
Holdings
Lost status Source of classification or shelving scheme Damaged status Not for loan Collection code Permanent Location Current Location Shelving location Date acquired Total Checkouts Full call number Date last seen Copy number Koha item type
  Dewey Decimal Classification   Not For Loan Non-fiction Central Library, University of Rajshahi Central Library, University of Rajshahi Reading Room 19/07/2007   780.494 MUS 2001 23/01/2017 C-1 Books